| 000 | 00945cam a22003014a 4500 | ||
|---|---|---|---|
| 008 | |||
| 020 | _a8129701928 (pbk. ) | ||
| 050 | 0 | 0 |
_aQA76.625 _b WAT |
| 100 | 1 | _aWatkins, Damien. | |
| 245 | 1 | 0 |
_aProgramming in the .NET environment / _cDamien Watkins, Mark Hammond, Brad Abrams. |
| 260 |
_aNew Delhi : _bPearson Education, _c2003. |
||
| 300 |
_axvii, 523 p. : _bill. ; _c24 cm. |
||
| 440 | 0 | _aMicrosoft .NET development series. | |
| 504 | _aIncludes bibliographical references. | ||
| 500 | _aIncludes Index. | ||
| 500 | _aForeword by Jeffrey Richter | ||
| 650 | 0 | _aMicrosoft .NET Framework. | |
| 650 | 0 | _aInternet programming. | |
| 650 | 0 |
_aComputer software _xDevelopment. |
|
| 700 | 1 |
_aHammond, Mark _q(Mark J.) |
|
| 700 | 1 | _aAbrams, Brad. | |
| 907 |
_a.b10245418 _b05-04-13 _c21-05-07 |
||
| 003 | |||
| 005 | 20230123134448.0 | ||
| 040 | _cNUST | ||
| 049 | _aMAIN | ||
| 942 | _cBOOKS | ||
| 999 |
_c166323 _d166323 |
||